005910000a22001690004500090001300000245013900013044001300152041001400165690003700179690003100216690003100247690002100278100005000299942001300349773004200362999001700404 aSERIADAS10aContribución al estudio de la distribución vertical de epifitas vasculares en un relicto boscoso de Junín, Cundinamarca-Colombia aColombia0 aEspañol aComposición florística93868 aRelictos de bosques994690 aEcología forestal993578 aEpifitas91006571 aRodríguez Beltrán, Carlos Alberto9100658 cARTICULO1 tPérez Arbelaeziah17q121-136d2006 c16356d16356